[Event "Hampstead op 34th"]
[Site "Hampstead"]
[Date "2015.11.29"]
[Round "4"]
[White "Fordham, Nicholas"]
[Black "Rocco, Federico"]
[Result "1/2-1/2"]
[WhiteElo "1981"]
[BlackElo "1855"]
[PlyCount "115"]
[EventDate "2015.11.28"]
[EventType "swiss"]
[EventRounds "5"]
[EventCountry "ENG"]
[SourceTitle "CBM 169 Extra"]
[Source "ChessBase"]
[SourceDate "2015.12.18"]
[SourceVersion "1"]
[SourceVersionDate "2015.12.18"]
[SourceQuality "1"]

1. b3 d5 2. e3 Nf6 3. Bb2 g6 4. Nf3 Bg7 5. Bb5+ c6 6. Be2 0-0 7. 0-0 c5 8. d3 Nc6 9. Nbd2 Qc7 10. c4 e5 11. d4 e4 12. Ne5 cxd4 13. exd4 Be6 14. cxd5 Bxd5 15. Bc4 Rfd8 16. Bxd5 Rxd5 17. Qc2 Qd8 18. Nxc6 bxc6 19. Nxe4 Nxe4 20. Qxe4 c5 21. Rfd1 Qd7 22. Rac1 Rd8 23. g3 cxd4 24. Rd3 Re8 25. Qf4 Rf5 26. Qc7 Qb5 27. Qc4 Qd7 28. Qc7 Qe6 29. Bxd4 Qe2 30. Qd7 Bxd4 31. Qxd4 Rxf2 32. Qxf2 Qxd3 33. Rf1 Qe3 34. Qxe3 Rxe3 35. Kf2 Re6 36. Rc1 Ra6 37. Rc2 Kf8 38. Ke3 Ke7 39. Kd4 Kd6 40. b4 Rb6 41. a3 Rc6 42. Rxc6+ Kxc6 43. a4 Kd6 44. g4 f5 45. gxf5 gxf5 46. b5 f4 47. a5 f3 48. Ke3 Kc5 49. b6 axb6 50. axb6 Kxb6 51. Kxf3 Kc6 52. Kf4 Kd6 53. Kg5 Ke6 54. Kh6 Kf5 55. h4 Kg4 56. h5 Kh4 57. Kg7 Kxh5 58. Kxh7 1/2-1/2

[Event "Hampstead op 34th"]
[Site "Hampstead"]
[Date "2015.11.28"]
[Round "1"]
[White "Akeya Price, Robert A"]
[Black "Fordham, Nicholas"]
[Result "0-1"]
[WhiteElo "1478"]
[BlackElo "1981"]
[PlyCount "86"]
[EventDate "2015.11.28"]
[EventType "swiss"]
[EventRounds "5"]
[EventCountry "ENG"]
[SourceTitle "CBM 169 Extra"]
[Source "ChessBase"]
[SourceDate "2015.12.18"]
[SourceVersion "1"]
[SourceVersionDate "2015.12.18"]
[SourceQuality "1"]

1. d4 Nf6 2. c4 e5 3. dxe5 Ng4 4. Nf3 Nc6 5. Bf4 Bb4+ 6. Nbd2 Qe7 7. e3 Ncxe5 8. Nxe5 Nxe5 9. Be2 0-0 10. 0-0 Ng6 11. Bg3 Bd6 12. Bxd6 Qxd6 13. Ne4 Qe5 14. Nc3 d6 15. Qd2 Be6 16. b4 Nh4 17. Kh1 Qg5 18. Rg1 a6 19. a3 f5 20. Nd5 Rac8 21. Rad1 Ng6 22. Rc1 f4 23. exf4 Nxf4 24. Nxf4 Qxf4 25. Qxf4 Rxf4 26. f3 Re8 27. g3 Rd4 28. Rc2 Bf5 29. Rb2 Re3 30. Ra1 Rc3 31. c5 dxc5 32. bxc5 Bc8 33. Rb4 Rd2 34. Bc4+ Kf8 35. f4 a5 36. Ra4 Bd7 37. Rxa5 Rxc4 38. Ra8+ Kf7 39. Rh8 Bc6+ 40. Kg1 Rg2+ 41. Kf1 Rcc2 42. Rxh7 Bb5+ 43. Ke1 Rg1# 0-1

[Event "Hampstead op U2200 12"]
[Site "Hampstead"]
[Date "2013.12.21"]
[Round "2"]
[White "Balouka Myers, Reuben"]
[Black "Fordham, Nicholas"]
[Result "0-1"]
[WhiteElo "1543"]
[BlackElo "1871"]
[PlyCount "56"]
[EventDate "2013.12.21"]
[EventType "swiss"]
[EventRounds "5"]
[EventCountry "ENG"]
[SourceTitle "EXT 2015"]
[Source "ChessBase"]
[SourceDate "2014.11.20"]
[SourceVersion "1"]
[SourceVersionDate "2014.11.20"]
[SourceQuality "1"]

1. e4 Nf6 2. e5 Nd5 3. c4 Nb6 4. d4 d6 5. f4 dxe5 6. fxe5 c5 7. dxc5 Qxd1+ 8. Kxd1 Na4 9. b4 a5 10. a3 axb4 11. Kc2 Bf5+ 12. Kb3 Nxc5+ 13. Kxb4 e6 14. Nf3 Nc6+ 15. Kc3 0-0-0 16. Be3 Ne4+ 17. Kb2 Rd1 18. Rg1 Bc5 19. Bxc5 Nxc5 20. Be2 Rxg1 21. Nxg1 Nxe5 22. Nd2 Rd8 23. Ngf3 Ned3+ 24. Kc3 Na4+ 25. Kb3 Ndc5+ 26. Kb4 Rd6 27. Rc1 Rb6+ 28. Ka5 Rb2 0-1

[Event "Coulsdon Easter-B"]
[Site "Coulsdon"]
[Date "2008.04.08"]
[Round "3"]
[White "Haydon, David Leslie"]
[Black "Fordham, Nicholas"]
[Result "1-0"]
[WhiteElo "2105"]
[BlackElo "1947"]
[PlyCount "65"]
[EventDate "2008.04.07"]
[EventType "tourn"]
[EventRounds "9"]
[EventCountry "ENG"]
[SourceTitle "EXT 2010"]
[Source "ChessBase"]
[SourceDate "2010.11.25"]
[SourceVersion "1"]
[SourceVersionDate "2010.11.25"]
[SourceQuality "1"]

1. d4 Nf6 2. Bg5 e6 3. e4 h6 4. Bxf6 Qxf6 5. Nc3 Bb4 6. Qd2 Nc6 7. 0-0-0 d6 8. Qe3 Bxc3 9. Qxc3 0-0 10. Qe3 e5 11. d5 Ne7 12. g3 c6 13. c4 c5 14. Bd3 a6 15. h3 b5 16. Ne2 Ng6 17. Rdf1 Qd8 18. f4 bxc4 19. Bc2 Qa5 20. f5 Nh8 21. Nc3 f6 22. g4 Rb8 23. h4 Qb4 24. Nd1 Bd7 25. g5 Nf7 26. gxf6 gxf6 27. Qg3+ Kh8 28. Qg6 Rg8 29. Qxf6+ Kh7 30. Rfg1 Rbf8 31. Rg6 Rxg6 32. Qxg6+ Kh8 33. Rg1 1-0